00376 2200157 4500001002100000005001500021035002000036245003400056100001800090300002600108260002800134082000800162084001400170020002200184990001200206INLIS00000000000312420251022014011 a0010-10250000281 aCerita Cinta /cPark Jung Hye0 aPark Jung Hye a264 hlm ;c13 x 19 cm aJakarta :bZettu,c2013 a813 a813 PAR c a978-602-7735-38-5 a0755911